000 01347cam a22003737a 4500
003 CHAP
005 20220329133755.0
008 971013s r 00010 d
010 _a10678
011 _a11650
035 _a10889
040 _cCHAP
090 _aTesis
100 0 0 _aCabrera Rodríguez, Julián.
_916696
245 0 _aMorfología, biología, comportamiento y ecología de Collops bipunctatus australis Marshall (Coleoptera: Melydae)
260 _aChapingo, Méx. :
_bEl autor,
_c1980
300 _a82 h.
_b: ilus. ; mapas
502 _aTesis (M. C. Esp. en Entomología) -- CP Centro de Entomología y Careología
590 _aALEPH
_b10
_c20130110
_lUCH01
_h1227
590 _aBATCH-UPD
_b10
_c20130110
_lUCH01
_h1417
590 _aBATCH-UPD
_b10
_c20130410
_lUCH01
_h0901
590 _aBATCH-UPD
_b10
_c20130914
_lUCH01
_h1010
590 _aCONVERSION
_b10
_c20130109
_lUCH01
_h1307
650 1 4 _aCollops bipunctatus.
_925303
650 1 4 _aEcología de insectos.
_935172
650 1 4 _aInsectos parásitos y predatores.
_958961
650 1 4 _aInsectos
_xAnatomía y fisiología.
_958891
650 1 4 _aInsectos
_xBiología.
_958897
901 _aBK
942 _cFOLL
949 _bBC
_cTES
_d-33761
_eTS2
_fc.3
_i10889
_si
949 _bBC
_cTES
_d108891
_eTS1
_h31997
_i10889
_sb
949 _bBC
_cTES
_d33724000982047
_eTS2
_fc.2
_i10889
_si
999 _c10678
_d10678